Entwicklungstendenzen auf dem Arbeitsmarkt und ihre Auswirkungen auf die Jugenkriminalität

Enregistré dans:
Détails bibliographiques
Auteur principal: Neu, Axel D.
Format: Livre
Langue:allemand
Publié: Kiel Institut für Weltwirtschaft 1983
Collection:Arbeitspapier Nr. 176
Tags: Ajouter un tag
Pas de tags, Soyez le premier à ajouter un tag!

MARC

LEADER 00000nam a2200000 4500
001 c133968
005 20181203150458.6
041 0 |a ger 
044 |a DE 
245 1 0 |a Entwicklungstendenzen auf dem Arbeitsmarkt und ihre Auswirkungen auf die Jugenkriminalität  |c Axel D. Neu 
264 1 |a Kiel  |b Institut für Weltwirtschaft  |c 1983 
300 |a 134 s. 
490 1 |a Arbeitspapier  |v Nr. 176 
830 0 |a Arbeitspapier  |v Nr. 176 
100 1 |a Neu, Axel D.